000
00264nam a2200097Ia 4500
001
710575
005
20250826162751.0
008
250824s9999 xx 000 0 und d
245
0
_a
BİR DELİNİN HATIRA DEFTERİ
_c
NİKOLAY GOGOL
260
_b
ANTİK DÜNYA KLASİKLERİ
999
_c
710575
_d
710575